000 00511nam a2200205Ia 4500
008 190409s9999 xx 000 0 und d
020 _a978-1-4494-8776-8
082 _aFic L487 2017
100 _aLeav, Lang
245 0 _aSad girls : a novel / Lang Leav
260 _aMissouri
260 _bAndrews McMeel Universal
260 _cc2017.
300 _a365 p.
526 _aFICTION
650 _aGuilt -- Fiction.
650 _aHonesty -- Fiction.
650 _aPanic attack -- Fiction.
942 _cBK
999 _c3599
_d3599